| 000 | 00413nam a22001337a 4500 | ||
|---|---|---|---|
| 040 | _cNUST | ||
| 082 | _a200 THE | ||
| 100 |
_aMubashir Jaleel _984304 |
||
| 110 |
_aSupervisor Dr. Raja Amer Azim _984305 |
||
| 245 | _aTH-SOF-1746-Modeling and Analysis of Non-Pneumatic Tires for Military Wheeled Vehicles | ||
| 260 |
_aISLAMABAD: _b NUST COLLEGE OF EME, _c2020. |
||
| 650 |
_aMS-MECH-17 _984306 |
||
| 942 |
_2ddc _cTHE |
||
| 999 |
_c586804 _d586804 |
||